000 00358nam a2200133Ia 4500
008 100328s9999 xx 000 0 und d
082 _b50452
100 _aसुमंगल
245 _aकालनिर्णय.
260 _bसुमंगल
630 _aकालनिर्णय.
730 _aकालनिर्णय.
942 _cBOOK
999 _c537585
_d537582